|
|
|
|
| LEADER |
01451nam a2200421 a 4500 |
| 001 |
000652091 |
| 003 |
CZ BrMZK |
| 005 |
20091026081244.0 |
| 007 |
ta |
| 008 |
030207s2003 xr f l cze d |
| 015 |
|
|
|a cnb001201933
|
| 020 |
|
|
|a 80-86687-03-1
|q (brož.)
|
| 035 |
|
|
|a (OCoLC)53265407
|
| 040 |
|
|
|a BOA001
|b cze
|
| 043 |
|
|
|a e-xr---
|
| 072 |
|
7 |
|a 351
|x Úkoly veřejné správy, správní opatření, legislativa
|2 Konspekt
|9 15
|
| 080 |
|
|
|a 351.753.1/.3
|2 MRF
|
| 080 |
|
|
|a 623.441/.443
|2 MRF
|
| 080 |
|
|
|a 351.753.6
|2 MRF
|
| 080 |
|
|
|a 623.455/.456
|2 MRF
|
| 080 |
|
|
|a (437.3)
|2 MRF
|
| 080 |
|
|
|a (094.5)
|2 MRF
|
| 080 |
|
|
|a (0.072)
|2 MRF
|
| 100 |
1 |
|
|a Komenda, Jan,
|d 1954-
|7 xx0000950
|4 aut
|
| 245 |
1 |
0 |
|a Zbraně a střelivo mezi paragrafy /
|c Jan Komenda
|
| 250 |
|
|
|a 1. vyd.
|
| 260 |
|
|
|a Brno :
|b Josef Tůma,
|c 2003
|
| 300 |
|
|
|a 266 s. ;
|c 21 cm
|
| 504 |
|
|
|a Obsahuje bibliografii
|
| 650 |
0 |
7 |
|a střelné zbraně
|7 ph116324
|z Česko
|2 czenas
|
| 650 |
0 |
7 |
|a střelivo
|7 ph126245
|z Česko
|2 czenas
|
| 655 |
|
7 |
|a zákony
|7 fd133886
|2 czenas
|
| 655 |
|
7 |
|a právní předpisy
|7 fd133151
|2 czenas
|
| 655 |
|
7 |
|a komentovaná vydání
|7 fd132577
|2 czenas
|
| 856 |
4 |
1 |
|u http://www.digitalniknihovna.cz/mzk/uuid/uuid:c26485b0-92e5-11e2-9a08-005056827e52
|y Digitalizovaný dokument
|x NDK
|
| 910 |
|
|
|a BOA001
|b 2-1113.969
|
| 990 |
|
|
|a BK
|
| 996 |
6 |
|
|b 2610181605
|c 2-1113.969
|l MZK
|r Sklad / do 1 hodiny
|n 4
|p p.v.
|w 000652091
|u 000010
|a 1
|e BOA001
|j MZK50
|s P
|